Normal view
MARC view
- روبرت بار،جيمس بارز،صامويل شيرمس،ترجمة فاطمة ابراهيم حميدة
Entry Personal Name
001 - CONTROL NUMBER
- control field: 6975
003 - CONTROL NUMBER IDENTIFIER
- control field: JO-AjAnu
005 - DATE AND TIME OF LATEST TRANSACTION
- control field: 20230606071429.0
008 - FIXED-LENGTH DATA ELEMENTS
- fixed length control field: 230606|| aca||aabn | a|a d
040 ## - CATALOGING SOURCE
- Original cataloging agency: JO-AjAnu
- Transcribing agency: JO-AjAnu
100 ## - HEADING--PERSONAL NAME
- Personal name: روبرت بار،جيمس بارز،صامويل شيرمس،ترجمة فاطمة ابراهيم حميدة
670 ## - SOURCE DATA FOUND
- Source citation: Work cat.: (JO-AjAnu)3613: روبرت بار،جيمس بارز،صامويل شيرمس،ترجمة فاطمة ابراهيم حميدة, author, طبيعة المواد الاجتماعية =The Nature of The Social Srudies